Flags of British Overseas Territories and Crown Dependencies - Statistics

General Stats
  • This quiz has been taken 3,294 times
  • The average score is 13 of 19
Answer Stats
Picture Hint Answer % Correct
English Channel Guernsey
91%
Irish Sea Isle of Man
87%
Mediterranean Gibraltar
86%
North Atlantic Bermuda
83%
English Channel Jersey
83%
South Atlantic Falkland Islands
74%
Caribbean British Virgin Islands
67%
Caribbean Anguilla
65%
Between Asia and Africa British Indian Ocean Territory
65%
Caribbean Montserrat
64%
North Atlantic Turks and Caicos Islands
62%
Mediterranean (military bases) Akrotiri and Dhekelia
60%
South Atlantic Saint Helena
60%
Claimed territory British Antarctic Territory
59%
South Pacific Pitcairn Islands
59%
South Atlantic South Georgia and the South Sandwich Islands
58%
Caribbean Cayman Islands
57%
South Atlantic Ascension
41%
South Atlantic Tristan da Cunha
40%
No matching quizzes found
Score Distribution
Percent of People with Each Score
Percentile by Number Answered
Your Score History
You have not taken this quiz